Statistics for EXTINCT British Dukedoms

Click here to take the quiz!

General Stats

  • This quiz has been taken 422 times
    (418 since last reset)
  • The average score is 12 of 53

Answer Stats

#FirstLastDUKEDOM (Duke of ....)% Correct
513621892Clarence
55%
314481554Suffolk
55%
119371972Windsor
55%
116941964Leeds
53%
313511413 *Lancaster
52%
414441889Buckingham
48%
516441919Cumberland
45%
913981919Albany
38%
118401873Inverness
35%
117161990Portland
34%
114451446Warwick
34%
118741943Connaught
33%
117201843Dorset
33%
113971399 *Hereford
29%
313971461Exeter
28%
116731734Portsmouth
26%
117661943Strathearn
26%
116631685Monmouth
25%
117081778Dover
23%
113971399Surrey
23%
216701891Cleveland
22%
117161743Munster
22%
118901892Avondale
21%
113861388Ireland
20%
116751774Southampton
20%
217191889Chandos
18%
116891794Bolton
16%
117191743Greenwich
16%
116941718Shrewsbury
16%
117991919Teviotdale
16%
217051790Montagu
15%
113971399Aumale
14%
214881515Ross
14%
115671567Orkney
12%
216611758Ormonde
12%
117201803Bridgewater
11%
116441669Dudley
11%
216661743Kendal
11%
116021602Kintyre
11%
116891719Schomberg
11%
117891830 *St. Andrews
11%
216601688Albemarle
10%
117151809Ancaster
9%
117151809Kesteven
9%
117151773Kingston-upon-Hull
9%
116721682Lauderdale
9%
117561988Newcastle-under-Lyme
9%
117031735Normanby
9%
117031761Douglas
8%
116021602Lorne
8%
117181731Wharton
8%
116871695 ?Berwick-upon-Tweed
7%
316651711Newcatle upon Tyne
3%

Score Distribution

Percentile by Number Answered

Percent of People with Each Score

Your Score History

You have not taken this quiz since the last reset